Conference interpreting: a student's practice book
Salvato in:
| Autore principale: | |
|---|---|
| Natura: | Libro |
| Lingua: | inglese |
| Pubblicazione: |
Nueva York
Routledge
2013
|
| Edizione: | 1a. ed |
| Serie: | Interpreting Studies
|
| Soggetti: | |
| Tags: |
Aggiungi Tag
Nessun Tag, puoi essere il primo ad aggiungerne!!
|
MARC
| LEADER | 00000cam a2200000 a 4500 | ||
|---|---|---|---|
| 001 | UCE2216 | ||
| 003 | CL-VaPUC | ||
| 008 | 140619e20130000us |||||||||||||||||eng|d | ||
| 020 | |a 9780415532365 | ||
| 082 | 0 | 4 | |a 418.02 |b GIL |2 21 |
| 100 | |a Gillies, Andrew |e author |9 574698 | ||
| 245 | 1 | 0 | |a Conference interpreting: a student's practice book |
| 250 | |a 1a. ed | ||
| 300 | |a 285 p | ||
| 942 | |c BK | ||
| 945 | |d 20140619 13:53:00 |a cmena | ||
| 260 | |a Nueva York |b Routledge |c 2013 | ||
| 650 | 0 | |a Traducción e interpretación |9 315998 | |
| 650 | 0 | |a Análisis del discurso |9 256696 | |
| 650 | 7 | |a CONFERENCIAS |2 CL-VaPUC |9 574699 | |
| 583 | |a last modification |c 20140626 01:44:59 |k Rodrigo Vera | ||
| 490 | 0 | |a Interpreting Studies | |
| 999 | |c 355866 |d 355864 | ||
| 952 | |0 0 |1 0 |3 erb |4 0 |6 418_020000000000000_GIL_2013 |7 0 |8 A |9 462805 |a BIBEDU |b BIBEDU |i 5070996 |o 418.02 GIL 2013 |p 5070996 |r 2019-11-23 |w 2019-11-23 |y BK |z Catalogado en:20140619 |k CIT | ||